Javascript for the World Wide Web (Record no. 11315)
[ view plain ]
| 000 -LEADER | |
|---|---|
| fixed length control field | 00559nam a22001697a 4500 |
| 005 - DATE AND TIME OF LATEST TRANSACTION | |
| control field | 20260204071504.0 |
| 008 - FIXED-LENGTH DATA ELEMENTS--GENERAL INFORMATION | |
| fixed length control field | 260204b |||||||| |||| 00| 0 eng d |
| 020 ## - INTERNATIONAL STANDARD BOOK NUMBER | |
| International Standard Book Number | 032119439X |
| 040 ## - CATALOGING SOURCE | |
| Transcribing agency | JHCSC |
| 082 ## - DEWEY DECIMAL CLASSIFICATION NUMBER | |
| Edition number | Fifth Edition |
| Classification number | 005.1 N386 |
| Item number | 2004 |
| 100 ## - MAIN ENTRY--PERSONAL NAME | |
| 9 (RLIN) | 10107 |
| Personal name | Tom Negrino | Dori Smith |
| Relator term | Author |
| 245 ## - TITLE STATEMENT | |
| Title | Javascript for the World Wide Web |
| Remainder of title | Visual Quickstart Guide |
| Statement of responsibility, etc. | Tom Negrino | Dori Smith |
| 250 ## - EDITION STATEMENT | |
| Edition statement | Fifth Edition |
| 260 ## - PUBLICATION, DISTRIBUTION, ETC. | |
| Place of publication, distribution, etc. | 1249 Eight Street Berkeley |
| Name of publisher, distributor, etc. | Peachpit Press |
| Date of publication, distribution, etc. | c2004 |
| 300 ## - PHYSICAL DESCRIPTION | |
| Extent | xiv, 498 pages |
| Other physical details | illustrations |
| 942 ## - ADDED ENTRY ELEMENTS (KOHA) | |
| Source of classification or shelving scheme | Dewey Decimal Classification |
| Koha item type | Book |
| Withdrawn status | Lost status | Source of classification or shelving scheme | Damaged status | Not for loan | Collection code | Home library | Current library | Shelving location | Date acquired | Total Checkouts | Full call number | Barcode | Date last seen | Price effective from | Koha item type |
|---|---|---|---|---|---|---|---|---|---|---|---|---|---|---|---|
| Dewey Decimal Classification | Information Technology | JHCSC - Canuto MS Enero Campus Library | JHCSC - Canuto MS Enero Campus Library | Circulation | 11/11/2013 | 005.1 N386 2004 | 2013-394 c | 02/04/2026 | 02/04/2026 | Book |